[Event "BL 1415 SV Mülheim Nord - Werder Breme"]
[Site "?"]
[Date "2014.11.08"]
[Round "3.7"]
[White "Meins, Gerlef"]
[Black "Feygin, Michael"]
[Result "1/2-1/2"]
[WhiteElo "2439"]
[BlackElo "2488"]
[PlyCount "147"]
[EventDate "2014.??.??"]

1. d4 e6 2. c4 Nf6 3. Nf3 c5 4. Nc3 d5 5. e3 Nc6 6. cxd5 Nxd5 7. Bb5 Nxc3 8.
bxc3 cxd4 9. Nxd4 Bd7 10. Nxc6 Bxc6 11. Bxc6+ bxc6 12. Qa4 Qc7 13. Rb1 Bd6 14.
Ba3 Rd8 15. Bb4 Rb8 16. O-O O-O 17. Bxd6 Qxd6 18. Qxa7 Rxb1 19. Rxb1 Qd3 20.
Rc1 Qd2 21. Qa3 h6 22. h3 Rb8 23. Rf1 Qd5 24. Qa4 c5 25. Rd1 Qf5 26. e4 Qe5 27.
Qc2 Ra8 28. a4 g6 29. g3 Rb8 30. a5 c4 31. Ra1 Rb3 32. a6 Rxc3 33. Qa2 Qxe4 34.
a7 Qa8 35. Qa4 h5 36. Qb4 Rb3 37. Qxc4 Rb2 38. Qc3 Rb5 39. h4 Kh7 40. Qc4 Rb7
41. Qe4 Qxa7 42. Rxa7 Rxa7 43. Qb4 Ra8 44. Qb7 Rf8 45. Qc7 Kg8 46. f3 Ra8 47.
g4 hxg4 48. fxg4 Ra4 49. Qb8+ Kh7 50. Qg3 Ra1+ 51. Kg2 Ra5 52. Qc7 Ra2+ 53. Kf3
Ra3+ 54. Kf4 Kg7 55. Qe5+ Kh7 56. h5 gxh5 57. Qxh5+ Kg7 58. Qg5+ Kh7 59. Qf6
Ra4+ 60. Kg3 Kg8 61. g5 Ra3+ 62. Kh2 Ra2+ 63. Kh1 Ra7 64. g6 fxg6 65. Qxg6+ Kf8
66. Qf6+ Rf7 67. Qxe6 Rh7+ 68. Kg2 Rg7+ 69. Kf3 Rf7+ 70. Kg4 Rg7+ 71. Kh5 Rh7+
72. Kg5 Rg7+ 73. Kh6 Rh7+ 74. Kxh7 1/2-1/2

[Event "BL 1415 SV Mülheim Nord - Werder Breme"]
[Site "?"]
[Date "2014.11.08"]
[Round "3.8"]
[White "Saltaev, Mihail"]
[Black "Fish, Gennadij"]
[Result "1-0"]
[WhiteElo "2476"]
[BlackElo "2466"]
[PlyCount "47"]
[EventDate "2014.??.??"]

1. e4 c5 2. Nf3 e6 3. Nc3 a6 4. d4 cxd4 5. Nxd4 Qc7 6. g3 Nf6 7. Bg2 d6 8. O-O
Be7 9. a4 Nc6 10. Nb3 b6 11. f4 O-O 12. g4 Rd8 13. g5 Nd7 14. Be3 Na5 15. Nd2
Bb7 16. Qe2 Rac8 17. f5 Nc4 18. fxe6 fxe6 19. Nxc4 Qxc4 20. Qh5 Rf8 21. Qh3 Nc5
22. Rfd1 Nxe4 23. Rd4 Nxg5 24. Rxc4 1-0

[Event "BL 1415 SG Solingen - Turm Emsdetten"]
[Site "?"]
[Date "2014.11.08"]
[Round "3.1"]
[White "Mchedlishvili, Mikheil"]
[Black "Ragger, Markus"]
[Result "1/2-1/2"]
[WhiteElo "2609"]
[BlackElo "2658"]
[PlyCount "41"]
[EventDate "2014.??.??"]

1. d4 Nf6 2. c4 g6 3. g3 c6 4. Nf3 Bg7 5. Bg2 d5 6. cxd5 cxd5 7. Ne5 O-O 8. Nc3
Bf5 9. Bf4 Qb6 10. O-O Qxb2 11. Nxd5 Nxd5 12. Bxd5 Nc6 13. Bxc6 Bxe5 14. dxe5
bxc6 15. Re1 c5 16. Qc1 Qxc1 17. Rexc1 Rfc8 18. Be3 c4 19. Bd4 a6 20. f3 Rab8
21. g4 1/2-1/2

[Event "BL 1415 SG Solingen - Turm Emsdetten"]
[Site "?"]
[Date "2014.11.08"]
[Round "3.2"]
[White "L'Ami, Erwin"]
[Black "Swiercz, Dariusz"]
[Result "1/2-1/2"]
[WhiteElo "2618"]
[BlackElo "2614"]
[PlyCount "66"]
[EventDate "2014.??.??"]

1. d4 Nf6 2. c4 g6 3. Nc3 d5 4. Nf3 Bg7 5. Bf4 O-O 6. Rc1 Be6 7. e3 dxc4 8. Ng5
Bd5 9. e4 h6 10. exd5 hxg5 11. Bxg5 Nxd5 12. Bxc4 Nb6 13. Bb3 Nc6 14. Ne2 Nxd4
15. Nxd4 Bxd4 16. Qc2 Qd6 17. Qxc7 Rac8 18. Qxd6 exd6 19. Rd1 Rfe8+ 20. Kf1 Be5
21. h4 a5 22. a4 Nc4 23. h5 gxh5 24. Rxh5 Nxb2 25. Rd5 Rc5 26. Rh4 Kg7 27. Be3
Rxd5 28. Bxd5 Nd1 29. Rg4+ Kf6 30. Bd2 Nc3 31. Bxb7 Rb8 32. Bxc3 Bxc3 33. Bd5
Rb4 1/2-1/2

[Event "BL 1415 SG Solingen - Turm Emsdetten"]
[Site "?"]
[Date "2014.11.08"]
[Round "3.3"]
[White "Grandelius, Nils"]
[Black "Sandipan, Chanda"]
[Result "1/2-1/2"]
[WhiteElo "2569"]
[BlackElo "2603"]
[PlyCount "33"]
[EventDate "2014.??.??"]

1. e4 e5 2. Nf3 Nc6 3. Bb5 g6 4. c3 a6 5. Ba4 d6 6. d4 Bd7 7. O-O Bg7 8. Re1
Nf6 9. Nbd2 O-O 10. h3 exd4 11. cxd4 Nb4 12. Bxd7 Nxd7 13. Qb3 Nc6 14. Qd3 Nb4
15. Qb3 Nc6 16. Qd3 Nb4 17. Qb3 1/2-1/2

[Event "BL 1415 SG Solingen - Turm Emsdetten"]
[Site "?"]
[Date "2014.11.08"]
[Round "3.4"]
[White "Jussupow, Artur"]
[Black "Spoelman, Wouter"]
[Result "1/2-1/2"]
[WhiteElo "2581"]
[BlackElo "2572"]
[PlyCount "55"]
[EventDate "2014.??.??"]

1. d4 d5 2. c4 c6 3. Nc3 Nf6 4. e3 g6 5. Nf3 Bg7 6. Be2 O-O 7. O-O dxc4 8. Bxc4
Bg4 9. h3 Bxf3 10. Qxf3 Nbd7 11. Rd1 Rc8 12. e4 b5 13. Bb3 Nb6 14. Bg5 b4 15.
Ne2 a5 16. a4 Nfd7 17. Rac1 Qe8 18. Qe3 e5 19. Bh6 Bxh6 20. Qxh6 c5 21. dxc5
Nxc5 22. Ng3 Nxb3 23. Nh5 gxh5 24. Qg5+ Kh8 25. Qf6+ Kg8 26. Qg5+ Kh8 27. Qf6+
Kg8 28. Qg5+ 1/2-1/2

[Event "BL 1415 SG Solingen - Turm Emsdetten"]
[Site "?"]
[Date "2014.11.08"]
[Round "3.5"]
[White "Pruijssers, Roeland"]
[Black "Nikolic, Predrag"]
[Result "1-0"]
[WhiteElo "2511"]
[BlackElo "2605"]
[PlyCount "95"]
[EventDate "2014.??.??"]

1. e4 e6 2. d4 d5 3. e5 c5 4. c3 Nc6 5. Nf3 Bd7 6. Be2 Nge7 7. O-O Ng6 8. Re1
Be7 9. g3 O-O 10. h4 cxd4 11. cxd4 f6 12. h5 Nh8 13. Nc3 fxe5 14. dxe5 Be8 15.
h6 g6 16. Nb5 Bd7 17. a3 Nf7 18. Bd3 Rc8 19. Bf4 a6 20. Nc3 Kh8 21. Nxd5 exd5
22. e6 Bf6 23. Qb3 g5 24. Qxd5 Ne7 25. Qe4 Ng6 26. exd7 Qxd7 27. Be3 Rce8 28.
Qf5 Qxf5 29. Bxf5 Nxh6 30. Bd7 Ne5 31. Nxe5 Rxe5 32. Red1 Nf5 33. Bb6 Ne7 34.
Rd2 Nc6 35. Bxc6 bxc6 36. Rc1 Re6 37. b4 Rb8 38. Be3 Rb5 39. Rdc2 a5 40. Rxc6
Rxc6 41. Rxc6 Kg7 42. Rc5 Rxc5 43. Bxc5 axb4 44. Bxb4 Kf7 45. g4 Ke6 46. Kg2
Kd5 47. Kf3 Bd4 48. Bd2 1-0

[Event "BL 1415 SG Solingen - Turm Emsdetten"]
[Site "?"]
[Date "2014.11.08"]
[Round "3.6"]
[White "Naumann, Alexander"]
[Black "Burg, Twan"]
[Result "1-0"]
[WhiteElo "2560"]
[BlackElo "2518"]
[PlyCount "163"]
[EventDate "2014.??.??"]

1. d4 d5 2. c4 c6 3. Nf3 Nf6 4. Nc3 e6 5. e3 Nbd7 6. Qc2 Bd6 7. b3 O-O 8. Be2
b6 9. O-O Bb7 10. Bb2 Qe7 11. Rac1 Rfe8 12. Rfd1 Rad8 13. Bf1 h6 14. g3 a6 15.
a4 Rc8 16. Bg2 Ba3 17. Bxa3 Qxa3 18. Nd2 e5 19. dxe5 Nxe5 20. Ne2 dxc4 21. Nxc4
Nxc4 22. bxc4 Rc7 23. c5 Qxc5 24. Qxc5 bxc5 25. Nf4 Kf8 26. Nd3 Nd7 27. Bh3 Ke7
28. Nxc5 Nxc5 29. Rxc5 f6 30. Bg2 Rd8 31. Rb1 Kd6 32. Rc3 Ke7 33. Rbc1 Rd6 34.
h4 Re6 35. Kf1 Kd6 36. Rd1+ Ke7 37. Ke1 Re5 38. Rb1 Re6 39. Rcb3 Bc8 40. Bh3
Re4 41. Bxc8 Rxc8 42. Rb7+ Ke6 43. Ra1 c5 44. Rxg7 c4 45. Kd2 c3+ 46. Kc2 Rb4
47. Ra2 Rc5 48. a5 Rb2+ 49. Rxb2 cxb2+ 50. Kxb2 Rxa5 51. g4 h5 52. g5 fxg5 53.
hxg5 Ra4 54. Rh7 Kf5 55. Rxh5 Kg4 56. Rh8 Kxg5 57. Rf8 Kg6 58. f3 Kg7 59. Rf5
Rc4 60. Kb3 Rc1 61. Kb4 Re1 62. Re5 Kf6 63. f4 Rc1 64. Ra5 Rc6 65. Rh5 Kg6 66.
Rc5 Rd6 67. Kc4 Rd1 68. Rc6+ Kf5 69. Rxa6 Rd2 70. Ra5+ Ke6 71. Re5+ Kd6 72. Re4
Rf2 73. Kd3 Ra2 74. Rd4+ Ke6 75. Ke4 Ra5 76. Rb4 Ra6 77. f5+ Kf6 78. Kf4 Ra3
79. Rb6+ Kf7 80. e4 Ra1 81. Rb7+ Kf6 82. e5# 1-0

[Event "BL 1415 SG Solingen - Turm Emsdetten"]
[Site "?"]
[Date "2014.11.08"]
[Round "3.7"]
[White "Van Foreest, Jorden"]
[Black "Handke, Florian"]
[Result "1/2-1/2"]
[WhiteElo "2455"]
[BlackElo "2546"]
[PlyCount "115"]
[EventDate "2014.??.??"]

1. e4 c5 2. Nf3 e6 3. g3 Nc6 4. Bg2 Nf6 5. Qe2 d6 6. c3 e5 7. O-O Be7 8. Na3
O-O 9. Rd1 Bg4 10. h3 Bh5 11. d3 Re8 12. Nc4 h6 13. g4 Bg6 14. Nh4 Nd7 15. Nf5
Nf8 16. Nce3 Bg5 17. Nd5 Ne6 18. Qf3 Nc7 19. Nxc7 Qxc7 20. h4 Bxc1 21. Raxc1
Nd8 22. g5 hxg5 23. hxg5 Ne6 24. Qg3 Qd8 25. d4 cxd4 26. cxd4 Bxf5 27. exf5
Nxd4 28. Qg4 Qd7 29. Bd5 g6 30. Rc7 Qxc7 31. fxg6 Kg7 32. gxf7 Rf8 33. Rxd4
Rxf7 34. Rc4 Qd7 35. Qh5 Rh8 36. Qxf7+ Qxf7 37. Bxf7 Kxf7 38. Rc7+ Kg6 39. Rxb7
Ra8 40. Rd7 Kxg5 41. Rxd6 a5 42. Rb6 Kf4 43. Kf1 Rc8 44. Ke2 e4 45. Rf6+ Ke5
46. Ra6 Kd4 47. Kd2 Rf8 48. Ke1 Rb8 49. b3 Rb5 50. Ra8 Kc3 51. Rd8 Kb2 52. Rd2+
Kc3 53. Ke2 Rh5 54. Rd8 Kb2 55. Ra8 Ka3 56. Ke3 Rb5 57. b4 a4 58. Kxe4 1/2-1/2

[Event "BL 1415 SG Solingen - Turm Emsdetten"]
[Site "?"]
[Date "2014.11.08"]
[Round "3.8"]
[White "Appel, Ralf"]
[Black "Janssen, Ruud"]
[Result "1/2-1/2"]
[WhiteElo "2526"]
[BlackElo "2460"]
[PlyCount "95"]
[EventDate "2014.??.??"]

1. Nf3 Nf6 2. d4 e6 3. c4 b6 4. a3 Ba6 5. Nbd2 d5 6. e3 Bd6 7. b4 O-O 8. Bb2 c5
9. dxc5 bxc5 10. b5 Bb7 11. Be2 Nbd7 12. O-O Qc7 13. h3 Rfe8 14. Qc2 Rad8 15.
Rad1 h6 16. Bc3 e5 17. cxd5 e4 18. Nh4 Nxd5 19. Bb2 Be5 20. Nc4 Bxb2 21. Qxb2
g6 22. Rd2 N7b6 23. Qb3 Ne7 24. f4 Rxd2 25. Nxd2 Qd7 26. Nc4 Bd5 27. f5 g5 28.
f6 gxh4 29. fxe7 Qe6 30. Rc1 Qxe7 31. Qc3 Qg5 32. Na5 Re6 33. Qxc5 Rg6 34. Bf1
Nd7 35. Qd4 Ne5 36. Kh1 Qg3 37. Rc8+ Kg7 38. Nc6 Bxc6 39. Rxc6 Rg5 40. Qxe4 Qe1
41. Kg1 Nxc6 42. bxc6 Rg6 43. c7 Qc1 44. Qe5+ Kh7 45. Qe7 Kg7 46. Qe5+ Kh7 47.
Qe7 Kg7 48. Qe5+ 1/2-1/2

[Event "BL 1415 Hamburger SK - Bayern München"]
[Site "?"]
[Date "2014.11.08"]
[Round "3.1"]
[White "Bezold, Michael"]
[Black "Van Kampen, Robin"]
[Result "0-1"]
[WhiteElo "2520"]
[BlackElo "2641"]
[PlyCount "138"]
[EventDate "2014.??.??"]

1. c4 b6 2. d4 Bb7 3. Nc3 e6 4. a3 f5 5. Nf3 Nf6 6. g3 Ne4 7. Nxe4 Bxe4 8. Bg2
Be7 9. O-O O-O 10. Bd2 Bf6 11. Bc3 d6 12. Rc1 Nd7 13. b4 Qe7 14. Qa4 a6 15. Nd2
b5 16. Qb3 Bxg2 17. Kxg2 Nb6 18. c5 dxc5 19. bxc5 Nd5 20. c6 Nxc3 21. Qxc3 e5
22. Qb3+ Qf7 23. dxe5 Bxe5 24. Rc2 Bd6 25. Ra1 Rab8 26. Kf3 Rfe8 27. Qxf7+ Kxf7
28. Nb3 Re4 29. Nc5 Bxc5 30. Rxc5 Ke6 31. Rd1 Rc4 32. Rxc4 bxc4 33. Rd7 Rb3+
34. e3 Rb2 35. Rd4 c3 36. Rc4 c2 37. h4 Kd5 38. Rc3 h6 39. h5 a5 40. Kg2 a4 41.
Kf3 Ra2 42. g4 fxg4+ 43. Kxg4 Ke4 44. Kg3 Rxa3 45. Rxc2 Ra1 46. Rd2 a3 47. Rd4+
Ke5 48. Kf3 Rb1 49. Ra4 Rb3 50. Kg4 Kd6 51. Kf5 Kxc6 52. e4 Rf3+ 53. Ke5 Kb5
54. Ra7 c5 55. Kd5 Rd3+ 56. Ke6 c4 57. e5 c3 58. Rxa3 c2 59. Rxd3 c1=Q 60. Rg3
Qc4+ 61. Ke7 Qc7+ 62. Ke6 Kc4 63. Rg4+ Kc5 64. Rg3 Qb7 65. Re3 Qg2 66. f4 Kd4
67. Ra3 Qd5+ 68. Kf5 Qf7+ 69. Kg4 Qd7+ 0-1

[Event "BL 1415 Hamburger SK - Bayern München"]
[Site "?"]
[Date "2014.11.08"]
[Round "3.3"]
[White "Schenk, Andreas"]
[Black "Kempinski, Robert"]
[Result "0-1"]
[WhiteElo "2491"]
[BlackElo "2620"]
[PlyCount "62"]
[EventDate "2014.??.??"]

1. d4 Nf6 2. c4 g6 3. Nc3 Bg7 4. e4 d6 5. Nf3 O-O 6. Be2 Na6 7. O-O e5 8. Re1
c6 9. Bf1 exd4 10. Nxd4 Ng4 11. h3 Qb6 12. hxg4 Qxd4 13. g5 Qe5 14. Be3 Nc5 15.
Qc2 Qe7 16. Rad1 a5 17. f3 a4 18. a3 Be6 19. g3 Rfd8 20. Qf2 Nd7 21. f4 Bg4 22.
Rd3 Nc5 23. Bxc5 Bxc3 24. Rxc3 dxc5 25. Qc2 Rd4 26. Rd3 Rxd3 27. Bxd3 Qd7 28.
Re3 Qd4 29. Kf2 Ra6 30. Qc3 Rb6 31. Bc2 Rxb2 0-1

[Event "BL 1415 Hamburger SK - Bayern München"]
[Site "?"]
[Date "2014.11.08"]
[Round "3.4"]
[White "Ernst, Sipke"]
[Black "Belezky, Alexander"]
[Result "1-0"]
[WhiteElo "2555"]
[BlackElo "2451"]
[PlyCount "69"]
[EventDate "2014.??.??"]

1. d4 Nf6 2. Nf3 e6 3. c4 Bb4+ 4. Nbd2 b6 5. e3 Bb7 6. Be2 Ne4 7. O-O f5 8. Ne5
Bxd2 9. Bxd2 d6 10. Nd3 Nxd2 11. Qxd2 Qe7 12. b4 Nd7 13. c5 Nf6 14. Rfc1 O-O
15. Qb2 g5 16. a4 Be4 17. f3 Bxd3 18. Bxd3 Nd5 19. cxb6 cxb6 20. Qd2 a5 21.
bxa5 bxa5 22. Bb5 Ra7 23. e4 fxe4 24. fxe4 Nb4 25. Ra3 Rf4 26. Rg3 Qf6 27. e5
dxe5 28. dxe5 Qg6 29. h4 Rf5 30. Rc8+ Kg7 31. Qd8 Kh6 32. Be8 Qg8 33. hxg5+ Kg7
34. Qf6+ Rxf6 35. gxf6+ 1-0

[Event "BL 1415 Hamburger SK - Bayern München"]
[Site "?"]
[Date "2014.11.08"]
[Round "3.5"]
[White "Fedorovsky, Michael"]
[Black "Ftacnik, Lubomir"]
[Result "1/2-1/2"]
[WhiteElo "2436"]
[BlackElo "2557"]
[PlyCount "43"]
[EventDate "2014.??.??"]

1. d4 Nf6 2. c4 g6 3. Nc3 d5 4. Bf4 Bg7 5. e3 O-O 6. Nf3 Be6 7. Qb3 c5 8. Qxb7
Qb6 9. Qxb6 axb6 10. dxc5 bxc5 11. cxd5 Nxd5 12. Nxd5 Bxd5 13. Be5 Rxa2 14.
Rxa2 Bxa2 15. Bxg7 Kxg7 16. Bb5 Rc8 17. Ke2 Rc7 18. Ra1 Bd5 19. Kd2 Nc6 20. Kc3
Nb4 21. Bc4 e6 22. Ne1 1/2-1/2

[Event "BL 1415 Hamburger SK - Bayern München"]
[Site "?"]
[Date "2014.11.08"]
[Round "3.7"]
[White "Renner, Christoph"]
[Black "Lampert, Jonas"]
[Result "0-1"]
[WhiteElo "2375"]
[BlackElo "2442"]
[PlyCount "34"]
[EventDate "2014.??.??"]

1. d4 d5 2. Bf4 Nf6 3. e3 c5 4. c3 Nc6 5. Nd2 Bf5 6. Ngf3 Qb6 7. dxc5 Qxb2 8.
Nd4 Bg4 9. f3 e5 10. Nb5 O-O-O 11. Rb1 Qxa2 12. Ra1 Qb2 13. Qa4 Bf5 14. Bxe5
Bxc5 15. Bxf6 Bxe3 16. Be2 Qxd2+ 17. Kf1 gxf6 0-1

[Event "BL 1415 Hamburger SK - Bayern München"]
[Site "?"]
[Date "2014.11.08"]
[Round "3.8"]
[White "Heinemann, Thies"]
[Black "Zajogin, Alexander"]
[Result "1-0"]
[WhiteElo "2473"]
[BlackElo "2393"]
[PlyCount "67"]
[EventDate "2014.??.??"]

1. e4 e5 2. Nf3 Nc6 3. Bb5 a6 4. Bxc6 dxc6 5. O-O Qd6 6. Na3 Be6 7. Qe2 Ne7 8.
Nc4 Bxc4 9. Qxc4 c5 10. Ng5 Qf6 11. d4 exd4 12. f4 h6 13. Nf3 Nc6 14. Qe2 O-O-O
15. a3 g6 16. Rb1 Qe6 17. b3 Bg7 18. Re1 Rhe8 19. Qd3 Na7 20. a4 Nc6 21. Bd2
Re7 22. h3 Nb4 23. Bxb4 cxb4 24. e5 Red7 25. Rbd1 c5 26. Nd2 Kb8 27. a5 Rc7 28.
Nc4 Rc6 29. Rf1 f5 30. exf6 Qxf6 31. Rde1 Re6 32. Rxe6 Qxe6 33. f5 gxf5 34.
Qg3+ 1-0

[Event "BL 1415 SSC Rostock - Schwäbisch Hall"]
[Site "?"]
[Date "2014.11.08"]
[Round "3.2"]
[White "Brynell, Stellan"]
[Black "Laznicka, Viktor"]
[Result "0-1"]
[WhiteElo "2459"]
[BlackElo "2666"]
[PlyCount "232"]
[EventDate "2014.??.??"]

1. d4 f5 2. g3 Nf6 3. Bg2 g6 4. Nf3 Bg7 5. O-O O-O 6. c4 d6 7. Nc3 c6 8. b3 Qc7
9. Ba3 Re8 10. Qd2 a5 11. Rac1 Na6 12. Rfd1 Bd7 13. d5 Rad8 14. Nd4 Nc5 15. e3
Nce4 16. Nxe4 Nxe4 17. Qc2 cxd5 18. cxd5 Qxc2 19. Rxc2 Rc8 20. Rdc1 Bxd4 21.
exd4 Rb8 22. Rc7 Nf6 23. Re1 Kf7 24. Bc1 Rec8 25. Rxc8 Rxc8 26. Bd2 b6 27. Rc1
Rxc1+ 28. Bxc1 Bb5 29. Bg5 Ne8 30. Bf3 Nc7 31. h4 Bd3 32. h5 Bb1 33. a3 Bc2 34.
b4 Nb5 35. hxg6+ hxg6 36. bxa5 bxa5 37. Be2 Nxd4 38. Kf1 Bb3 39. Be3 Nc2 40.
Bc1 Bxd5 41. Bb2 e5 42. Bb5 g5 43. Ke2 g4 44. Kd2 Be4 45. Ba4 Nd4 46. Bc3 Ke6
47. Bxa5 f4 48. Bb6 fxg3 49. fxg3 Bc6 50. Bxc6 Nxc6 51. a4 Nb4 52. a5 Kd7 53.
Be3 d5 54. Bc5 Na6 55. Bf8 Kc6 56. Bg7 e4 57. Ke3 Kc5 58. Be5 Kc4 59. Bf6 Nb4
60. Bg7 Kb5 61. Kf4 Kxa5 62. Kxg4 Nd3 63. Bd4 Kb4 64. Kf5 Kc4 65. Ba7 Nc5 66.
Kf4 Ne6+ 67. Ke3 Kb5 68. g4 Kc6 69. Bb8 Kd7 70. Bg3 Ke7 71. Bh4+ Kf7 72. Bg3
Kg6 73. Bh4 Kg7 74. Be7 Kf7 75. Bh4 Nf8 76. Be1 Ke6 77. Bc3 Ng6 78. Ba1 Ne5 79.
Kf4 Nf3 80. Bc3 Nh4 81. Ba1 Ng2+ 82. Kg3 Ne1 83. Bc3 Nd3 84. Bd4 Nc1 85. Bb2
Nd3 86. Bd4 Kf7 87. Be3 Kf6 88. Bd4+ Ke6 89. Bg7 Kd6 90. g5 Ke6 91. Kg4 Ne5+
92. Kf4 Ng6+ 93. Ke3 Kf5 94. Bf6 Nh4 95. Kd4 Ke6 96. Ke3 Ng2+ 97. Kf2 Nf4 98.
Ke3 Ng6 99. Kd4 Kd6 100. Bd8 Ne7 101. Ke3 Ke6 102. Kf4 Ng6+ 103. Ke3 Kf5 104.
Bf6 Nf4 105. Kd4 Ke6 106. Bd8 Ne2+ 107. Ke3 Ng3 108. Kf4 Nh5+ 109. Ke3 Kd7 110.
Ba5 Ke7 111. Kd4 Ke6 112. Bd8 Ng7 113. Bf6 Nf5+ 114. Kc3 Nh4 115. Kd4 Nf3+ 116.
Kc5 e3 0-1

[Event "BL 1415 SSC Rostock - Schwäbisch Hall"]
[Site "?"]
[Date "2014.11.08"]
[Round "3.3"]
[White "Cornette, Matthieu"]
[Black "Szelag, Marcin"]
[Result "1-0"]
[WhiteElo "2548"]
[BlackElo "2456"]
[PlyCount "73"]
[EventDate "2014.??.??"]

1. d4 Nf6 2. c4 g6 3. Nc3 Bg7 4. e4 d6 5. Nf3 O-O 6. Be2 e5 7. O-O Nc6 8. d5
Ne7 9. b4 Nh5 10. c5 Nf4 11. a4 f5 12. Bc4 fxe4 13. Nxe4 Bg4 14. Ra3 Nf5 15. h3
Bh5 16. Kh1 Nxg2 17. Bg5 Qc8 18. Kxg2 h6 19. Be3 g5 20. Be2 Bxf3+ 21. Kxf3 dxc5
22. Kg2 cxb4 23. Rb3 a5 24. Bg4 Nh4+ 25. Kh1 Qe8 26. Nc5 b5 27. axb5 Qxb5 28.
Bd7 Qc4 29. Be6+ Kh8 30. d6 Qb5 31. dxc7 a4 32. Rd3 b3 33. Rd8 Bf6 34. Rxa8
Rxa8 35. Bd7 Qb4 36. Qd5 Rf8 37. Qd6 1-0

[Event "BL 1415 SSC Rostock - Schwäbisch Hall"]
[Site "?"]
[Date "2014.11.08"]
[Round "3.4"]
[White "Rudolf, Henrik"]
[Black "Wirig, Anthony"]
[Result "0-1"]
[WhiteElo "2357"]
[BlackElo "2490"]
[PlyCount "102"]
[EventDate "2014.??.??"]

1. e4 e6 2. d4 d5 3. Nc3 Bb4 4. e5 c5 5. a3 Bxc3+ 6. bxc3 Ne7 7. h4 Qa5 8. Bd2
Nbc6 9. h5 Qa4 10. Nf3 h6 11. dxc5 Qe4+ 12. Be2 Nxe5 13. Nxe5 Qxe5 14. Rb1 O-O
15. Rh3 b6 16. Rb4 bxc5 17. Rg4 f5 18. Rgh4 Qd6 19. f4 Ba6 20. c4 Bxc4 21. Bxc4
dxc4 22. Qe2 Rab8 23. Re3 Nd5 24. Rxe6 Qd8 25. Rh3 Rb1+ 26. Kf2 Nf6 27. Bc3
Ne4+ 28. Rxe4 fxe4 29. Qxc4+ Rf7 30. Rg3 Qh4 31. Be5 Rd1 32. Qxe4 Qxh5 33. Qa8+
Kh7 34. Qe4+ Kg8 35. Qa8+ Kh7 36. Qe4+ g6 37. Rh3 Qf5 38. Qxf5 Rxf5 39. Rc3 Rd5
40. Ke3 Rdxe5+ 41. fxe5 Rxe5+ 42. Kf2 Rf5+ 43. Ke2 h5 44. Re3 Kh6 45. Re7 Kg5
46. Rxa7 Kg4 47. a4 g5 48. a5 c4 49. a6 Ra5 50. Ra8 Kg3 51. a7 g4 0-1

[Event "BL 1415 SSC Rostock - Schwäbisch Hall"]
[Site "?"]
[Date "2014.11.08"]
[Round "3.5"]
[White "Zeller, Frank"]
[Black "Gruenberg, Hans-Ulrich"]
[Result "1/2-1/2"]
[WhiteElo "2445"]
[BlackElo "2377"]
[PlyCount "119"]
[EventDate "2014.??.??"]

1. e4 e6 2. d4 d5 3. Nc3 dxe4 4. Nxe4 Bd7 5. Nf3 Bc6 6. Bd3 Nd7 7. Qe2 Be7 8.
c3 Ngf6 9. Ned2 O-O 10. O-O Re8 11. Nc4 Bb5 12. a4 Ba6 13. b4 Bxc4 14. Bxc4 a6
15. Re1 c6 16. Bd2 Nd5 17. Bd3 g6 18. g3 b5 19. h4 Bf6 20. h5 Qe7 21. Qe4 Bg7
22. hxg6 hxg6 23. Kg2 Qd6 24. Qh4 e5 25. Rh1 N5f6 26. Bh6 Qf8 27. dxe5 Nxe5 28.
Bxg7 Qxg7 29. Nxe5 Rxe5 30. axb5 cxb5 31. Rhd1 Nh5 32. Qd4 Qf6 33. f4 Qc6+ 34.
Kf2 Ree8 35. Bf1 Rad8 36. Qxd8 Rxd8 37. Rxd8+ Kg7 38. Rd3 Nf6 39. Bg2 Ng4+ 40.
Kg1 Qb6+ 41. Rd4 Qe6 42. Rd3 Qb6+ 43. Rd4 Qe6 44. Rd3 Qe2 45. Rf3 Ne3 46. Rf2
Qd3 47. Rc1 Ng4 48. Rf3 Qd2 49. Rcf1 Ne3 50. R1f2 Qxc3 51. Bh3 f5 52. Re2 Qc1+
53. Kh2 Nd5 54. Rd3 Nxf4 55. gxf4 Qxf4+ 56. Rg3 g5 57. Reg2 g4 58. Bxg4 fxg4
59. Kg1 Qd4+ 60. Kh2 1/2-1/2

[Event "BL 1415 SSC Rostock - Schwäbisch Hall"]
[Site "?"]
[Date "2014.11.08"]
[Round "3.6"]
[White "Tomczak, Rafal"]
[Black "Womacka, Mathias"]
[Result "1/2-1/2"]
[WhiteElo "2374"]
[BlackElo "2439"]
[PlyCount "123"]
[EventDate "2014.??.??"]

1. e4 c5 2. Nf3 d6 3. d4 cxd4 4. Nxd4 Nf6 5. Nc3 a6 6. Bg5 e6 7. f4 h6 8. Bxf6
Qxf6 9. Qd2 Nc6 10. Nf3 g5 11. fxg5 hxg5 12. Qxg5 Qxg5 13. Nxg5 Bg7 14. Nf3 Ke7
15. O-O-O b5 16. Bd3 Bb7 17. Ne2 Rag8 18. Kb1 Ne5 19. h3 Bf6 20. Rhg1 d5 21.
exd5 Bxd5 22. Ned4 Nxd3 23. Rxd3 Bxd4 24. Nxd4 Rxg2 25. Re1 Rh2 26. h4 Kf8 27.
a4 bxa4 28. Nf3 Rf2 29. Ne5 Rxh4 30. Nd7+ Ke7 31. Rxd5 Rhh2 32. Nc5 Rxc2 33.
Nxa4 Rce2 34. Rdd1 f5 35. Rxe2 Rxe2 36. Nc3 Rh2 37. Re1 Kf6 38. Ka2 f4 39. Kb3
Kf5 40. Ra1 f3 41. Rxa6 e5 42. Ra8 Kf4 43. Nd5+ Ke4 44. Nf6+ Kf5 45. Rf8 e4 46.
Nd5+ Ke5 47. Ne3 Kd4 48. Nf5+ Ke5 49. Ng3 Rh3 50. Nf1 f2+ 51. Kc2 e3 52. Re8+
Kd4 53. Rd8+ Ke4 54. Kd1 Rh7 55. Re8+ Kd4 56. Rb8 Re7 57. Ke2 Kc4 58. Rb6 Re8
59. Rb7 Re6 60. Rb8 Re7 61. Rb6 Re8 62. Rb7 1/2-1/2

[Event "BL 1415 SSC Rostock - Schwäbisch Hall"]
[Site "?"]
[Date "2014.11.08"]
[Round "3.7"]
[White "Raykhman, Alexander"]
[Black "Becker, Michael"]
[Result "1-0"]
[WhiteElo "2414"]
[BlackElo "2321"]
[PlyCount "135"]
[EventDate "2014.??.??"]

1. d4 Nf6 2. c4 c5 3. d5 b5 4. cxb5 a6 5. bxa6 g6 6. Nc3 Bg7 7. e4 O-O 8. Nf3
d6 9. Be2 Qa5 10. O-O Bxa6 11. a4 Nbd7 12. Bd2 Rfb8 13. Bb5 Qb4 14. Re1 c4 15.
Bc6 Bb7 16. Nb5 Qb3 17. Qxb3 cxb3 18. Nc7 Ra7 19. Be3 Nc5 20. Bxc5 dxc5 21. Nb5
Ra6 22. Bxb7 Rxb7 23. Nd2 Nd7 24. Reb1 Nb6 25. Nxb3 Nxa4 26. Rxa4 Rxa4 27. Nxc5
Rxb5 28. Nxa4 Rb4 29. Nc5 Rxb2 30. Rxb2 Bxb2 31. Kf1 Bd4 32. Nb3 Bb6 33. Ke2
Kg7 34. Nd2 Bc5 35. Nc4 Kf6 36. Kf3 h5 37. h3 Bd4 38. Na5 Bb6 39. e5+ Kg7 40.
Nc6 Kf8 41. Ke2 Ke8 42. f3 Kd7 43. Kd3 e6 44. Kc4 exd5+ 45. Kxd5 Be3 46. Nd4
Ke7 47. Nc6+ Kd7 48. Nb4 Bd2 49. Nc2 Ke7 50. Nd4 Be3 51. Ke4 Bf2 52. f4 Kd7 53.
Nb5 Ke6 54. Nd4+ Kd7 55. Kd5 Ke7 56. f5 gxf5 57. Nxf5+ Kd7 58. Ng7 h4 59. Nf5
Be1 60. Ke4 Ke6 61. Nd4+ Ke7 62. Kf5 Bf2 63. Ne2 Be1 64. Nf4 Bf2 65. Nd5+ Kd7
66. Kf6 Bg3 67. Ne3 Bf4 68. Nf5 1-0

[Event "BL 1415 SSC Rostock - Schwäbisch Hall"]
[Site "?"]
[Date "2014.11.08"]
[Round "3.8"]
[White "Skibbe, Willi"]
[Black "Pogan, Nikolas"]
[Result "1-0"]
[WhiteElo "2274"]
[BlackElo "2301"]
[PlyCount "129"]
[EventDate "2014.??.??"]

1. c4 Nf6 2. Nc3 e6 3. d4 Bb4 4. e3 O-O 5. Nge2 d5 6. a3 Bd6 7. cxd5 exd5 8.
Ng3 Re8 9. Bd3 c6 10. O-O a5 11. Qc2 Nbd7 12. Nf5 Bf8 13. f3 g6 14. Ng3 c5 15.
Kh1 c4 16. Be2 h5 17. Rd1 h4 18. Nf1 Nb6 19. e4 h3 20. Bg5 hxg2+ 21. Kxg2 Be7
22. Ng3 Nh5 23. Be3 Bg5 24. Qd2 Bxe3 25. Qxe3 Qh4 26. Nxh5 Qxh5 27. Qf4 Be6 28.
Qc7 Nd7 29. Qg3 Nf6 30. e5 Nh7 31. f4 Qf5 32. Rac1 Kh8 33. h3 g5 34. Rf1 gxf4
35. Rxf4 Qg5 36. Qxg5 Nxg5 37. h4 Ne4 38. Nxe4 dxe4 39. Kf2 Bd5 40. Rxc4 Rac8
41. b3 b5 42. Rxc8 Rxc8 43. Bxb5 Rc2+ 44. Ke1 Kg7 45. Bc4 Bxc4 46. bxc4 Rxc4
47. Rxe4 Ra4 48. Kd2 Rxa3 49. Rf4 Rb3 50. Kc2 a4 51. Rf6 Rh3 52. Ra6 Rxh4 53.
Kc3 Rh3+ 54. Kb4 Rd3 55. Kc4 Ra3 56. Kd5 Ra1 57. Kd6 a3 58. d5 a2 59. Ra8 Kg6
60. Ra3 Kg7 61. Rg3+ Kf8 62. Rg2 f6 63. e6 f5 64. Rh2 f4 65. e7+ 1-0

[Event "BL 1415 Schachfr. Berlin - SF Katernber"]
[Site "?"]
[Date "2014.11.08"]
[Round "3.1"]
[White "Romanov, Evgeny"]
[Black "Melkumyan, Hrant"]
[Result "1/2-1/2"]
[WhiteElo "2647"]
[BlackElo "2678"]
[PlyCount "61"]
[EventDate "2014.??.??"]

1. Nf3 Nf6 2. c4 c5 3. Nc3 Nc6 4. d4 cxd4 5. Nxd4 e6 6. Bf4 d5 7. cxd5 Nxd5 8.
Nxc6 bxc6 9. Bd2 Rb8 10. e4 Nxc3 11. Bxc3 Qxd1+ 12. Kxd1 f6 13. Bc4 Bb4 14. Kc2
e5 15. Rad1 Ke7 16. h4 Rd8 17. Rxd8 Kxd8 18. h5 h6 19. Rd1+ Ke7 20. Rd3 Bd7 21.
f3 a5 22. a3 Bxc3 23. Kxc3 c5 24. Rd5 Rc8 25. Rd2 Rc7 26. g3 Be8 27. Rh2 Bc6
28. Rd2 Be8 29. g4 Bc6 30. b3 Rd7 31. Rxd7+ 1/2-1/2